LEADER 00860nam0-22002771i-450- 001 990005938570403321 005 19980601 035 $a000593857 035 $aFED01000593857 035 $a(Aleph)000593857FED01 035 $a000593857 100 $a19980601d1932----km-y0itay50------ba 105 $a--------00-yy 200 1 $a<>oggetto del reato e della tutela giuridica penale$eContributo alle teorie generali del reato e della pena$fARTURO ROCCO 210 $aRoma$cSoc. Edit. del Foro Italiano$d1932 215 $aIX 621 p.$d22 cm 676 $a345 700 1$aRocco,$bArturo$f<1876-1942>$0319551 801 0$aIT$bUNINA$gRICA$2UNIMARC 901 $aBK 912 $a990005938570403321 952 $aMASSARI D 3$b3665$fFGBC 959 $aFGBC 996 $aOggetto del reato e della tutela giuridica penale$9587254 997 $aUNINA DB $aGIU01 LEADER 01277nam--2200397---450- 001 990002697420203316 005 20080929101002.0 035 $a000269742 035 $aUSA01000269742 035 $a(ALEPH)000269742USA01 035 $a000269742 100 $a20051228d1970----km-y0itay0103----ba 101 $aita 102 $aIT 105 $aa|||||||001yy 200 1 $aDescrizione dello stato antico ed attuale del contado di Molise$econ un saggio storico sulla costituzione del Regno$fdell'avvocato Giuseppe Maria Galanti 205 $aRist. anast. 210 $aNapoli$c[s.n.]$dstampa 1970 215 $av.$cill.$d22 cm. 300 $aRipr. facs. dell'ed.: Napoli : presso la Societą letteraria e tipografica, 1781 327 1 $a : 233, 100, 26 p. 410 0$12001 454 1$12001 461 1$1001-------$12001 607 $aMolise$xStoria 676 $a945.719 700 1$aGALANTI,$bGiuseppe Maria$036576 801 0$aIT$bsalbc$gISBD 912 $a990002697420203316 951 $aFC M 1947$bDLM$cFC M 959 $aBK 969 $aDILAM 979 $aDILAM$b90$c20051228$lUSA01$h1505 979 $aDILAM$b90$c20080929$lUSA01$h1010 996 $aDescrizione dello stato antico ed attuale del contado di Molise$9294602 997 $aUNISA LEADER 01159nam--2200349---450- 001 990005930090203316 005 20140218110937.0 010 $a88-14-18229-9 035 $a000593009 035 $aUSA01000593009 035 $a(ALEPH)000593009USA01 035 $a000593009 100 $a20140218d2013----km-y0itay50------ba 101 $aita 102 $aIT 105 $a||||||||001yy 200 1 $aDeclinatoria di giurisdizione ed effetto conservativo del termine$fAlessandro Squazzoni 210 $aMilano$cGiuffrč$d2013 215 $aXIV, 514 p.$d24 cm 225 2 $aUniversitą degli studi di Milano-Bicocca, Scuola di giurisprudenza$v90 410 0$aUniversitą degli studi di Milano-Bicocca, Scuola di giurisprudenza$v, 90 606 0 $aCompetenza civile$2BNCF 676 $a347.4512 700 1$aSQUAZZONI,$bAlessandro$0618540 801 0$aIT$bsalbc$gISBD 912 $a990005930090203316 951 $aXXVII.1.C. 317$b79168 G.$cXXVII.1.C.$d00352205 959 $aBK 969 $aGIU 979 $aCHIARA$b90$c20140218$lUSA01$h1109 996 $aDeclinatoria di giurisdizione ed effetto conservativo del termine$91071784 997 $aUNISA LEADER 01528cam0-22005291i-450 001 990000091560403321 005 20190903133524.0 010 $a88-7812-004-9 010 $a0-903043-18-1 035 $a000009156 035 $aFED01000009156 035 $a(Aleph)000009156FED01 035 $a000009156 100 $a20020821d1987----km-y0itay50------ba 101 1 $aita$ceng 102 $aIT 105 $ay-------001yy 200 1 $aISBD (G)$fInternational federation of library associations and institutions 205 $aed. italiana$fa cura di Rossella Dini 210 $aRoma$cAssociazione italiana biblioteche$d1987 215 $a31 p.$d30 cm 610 0 $aDescrizione bibliografica$aStandardizzazione 610 0 $aDescrizione bibliografica 610 0 $aBiblioteconomia 610 0 $aCatalogazione 610 0 $aISBD(G) 610 0 $aDescrizione bibliografica 676 $a025.324 702 1$aDini,$bRossella 710 02$aInternational Federation of Library Associations and Institutions$0284886 801 0$aIT$bUNINA$gRICA$2UNIMARC 901 $aBK 912 $a990000091560403321 952 $astanza 9$b5897$fSES 952 $aUB-1B 001$bs.i.rosa$fILFGE 952 $a13 U 07 31$b5089$fFINBC 952 $aVI I 601$bs.i.$fDDA 952 $a60 025.324 IFLA 1987$b1414$fFAGBC 952 $aBIBL C 2$b2185$fFARBC 959 $aFINBC 959 $aDDA 959 $aFAGBC 959 $aSES 959 $aILFGE 959 $aFARBC 996 $aISBD (G$9109274 997 $aUNINA LEADER 02230nam 2200565 450 001 9910466869103321 005 20200520144314.0 010 $a3-11-080259-7 024 7 $a10.1515/9783110802597 035 $a(CKB)3800000000418924 035 $a(MiAaPQ)EBC5157531 035 $a(DE-B1597)42575 035 $a(OCoLC)992472302 035 $a(DE-B1597)9783110802597 035 $a(Au-PeEL)EBL5157531 035 $a(CaPaEBR)ebr11567749 035 $a(OCoLC)1039687410 035 $a(EXLCZ)993800000000418924 100 $a20180619d1999 uy 0 101 0 $aeng 135 $aurcnu|||||||| 181 $ctxt$2rdacontent 182 $cc$2rdamedia 183 $acr$2rdacarrier 200 10$aChantyal dictionary and texts /$fby Michael Noonan ; with Ram Prasad Bhulanja, Jag man Chhantyal, William Pagliuca 205 $aReprint 2017 210 1$aBerlin ;$aNew York :$cMouton de Gruyter,$d1999. 215 $a1 online resource (615 pages) $cillustrations 225 1 $aTrends in Linguistics Documentation ;$v17 311 $a3-11-016240-7 320 $aIncludes bibliographical references (pages [605]-615). 327 $tFrontmatter -- $tContents -- $tAbbreviations -- $tChantyal: Introduction and typological sketch -- $tEnglish-Chantyal dictionary -- $ta -- $tb -- $tc -- $td -- $te -- $tf -- $tg -- $th -- $ti -- $tj -- $tk -- $tl -- $tm -- $tn -- $to -- $tp -- $tq -- $tr -- $ts -- $tt -- $tu -- $tv -- $tw -- $ty -- $tKinship Charts -- $tChantyal-English index -- $tChantyal discourses -- $tReferences -- $tBackmatter 410 0$aTrends in linguistics.$pDocumentation ;$v17. 606 $aChantel language$vDictionaries$xEnglish 606 $aNepali language$xDialects$xTexts$vDictionaries 608 $aElectronic books. 615 0$aChantel language$xEnglish. 615 0$aNepali language$xDialects$xTexts 676 $a495/.4 700 $aNoonan$b Michael$g(Michael P.),$0183846 702 $aBhulanja$b Ram Prasad 702 $aChhantyal$b Jag Man 702 $aPagliuca$b William 801 0$bMiAaPQ 801 1$bMiAaPQ 801 2$bMiAaPQ 906 $aBOOK 912 $a9910466869103321 996 $aChantyal dictionary and texts$92478240 997 $aUNINA LEADER 05734nam 2200805 450 001 9910819386403321 005 20220321112656.0 010 $a1-78684-888-0 010 $a1-119-07823-7 010 $a1-119-07820-2 010 $a1-119-07824-5 035 $a(CKB)3710000000420450 035 $a(EBL)2064024 035 $a(SSID)ssj0001498186 035 $a(PQKBManifestationID)12638900 035 $a(PQKBTitleCode)TC0001498186 035 $a(PQKBWorkID)11503748 035 $a(PQKB)10129203 035 $a(PQKBManifestationID)16039379 035 $a(PQKB)23628659 035 $a(MiAaPQ)EBC4040954 035 $a(MiAaPQ)EBC2064024 035 $a(Au-PeEL)EBL4040954 035 $a(CaPaEBR)ebr11113972 035 $a(CaONFJC)MIL796814 035 $a(OCoLC)905801996 035 $a(PPN)24890017X 035 $a(EXLCZ)993710000000420450 100 $a20151106h20162016 uy 0 101 0 $aeng 135 $aur|n|---||||| 181 $ctxt 182 $cc 183 $acr 200 00$aSecuring transportation systems /$fedited by Simon Hakim, Gila Albert, Yoram Shiftan 210 1$aHoboken, New Jersey :$cWiley,$d2016. 210 4$d©2016 215 $a1 online resource (409 p.) 300 $aDescription based upon print version of record. 311 $a1-118-97793-9 320 $aIncludes bibliographical references and index. 327 $aTitle Page; Copyright Page; Contents; ContributorS List; Foreword; Preface; Chapter 1 Introduction; 1.1 OVERVIEW; 1.2 MAJOR TERRORIST ATTACKS TARGETING TRANSPORTATION SYSTEMS; 1.3 THE ROLE OF TRANSPORTATION IN EVACUATION; 1.4 MARKET FAILURE LEADING TO A NEW MODEL OF PPP; 1.5 SECURITY STRATEGY; 1.6 BOOK STRUCTURE AND CHAPTERS; 1.7 CONCLUSION: RESOURCE ALLOCATION AND POLICY IMPLICATION; REFERENCES; Section I Motivation and Challenges; Chapter 2 Terrorist Targeting of Public Transportation: Ideology and Tactics; 2.1 BACKGROUND; 2.2 THE HISTORY OF TERRORIST-MOTIVATED HIJACKING 327 $a2.3 ISLAMIC JUSTIFICATION FOR ATTACKS ON MASS TRANSPORTATION2.4 CONCLUSION; REFERENCE; FURTHER READING; Chapter 3 On the Rationality and Optimality of Transportation Networks Defense: A Network Centrality Approach; 3.1 INTRODUCTION; 3.2 RELATED WORK; 3.3 TRANSPORTATION NETWORK DATASET; 3.4 BC VERSUS TRAFFIC FLOW; 3.5 OPTIMIZING THE LOCATIONS OF SURVEILLANCE AND MONITORING STATIONS; 3.6 APPLICATIONS AND CONSIDERATIONS FOR POLICY-MAKERS; 3.7 CASE STUDY: ATTACK SCENARIOS IN THE ISRAELI NETWORK; 3.8 CONCLUSIONS; REFERENCES 327 $aChapter 4 Adaptive Resilience and Critical Infrastructure Security: Emergent Challenges for Transportation and Cyberphysical Infrastructure4.1 INTRODUCTION: ADAPTIVE RESILIENCE; 4.2 TRANSPORTATION SECTOR SECURITY; 4.3 EMERGENT THREATS AND COMPLEX CHALLENGES FOR TRANSPORTATION; 4.4 CONCLUSION: TRANSPORTATION SECURITY AT A CROSSROADS; REFERENCES; Chapter 5 Travelers' Perceptions of Security for Long-Distance Travel: An Exploratory Italian Study; 5.1 INTRODUCTION; 5.2 LITERATURE REVIEW; 5.3 METHODOLOGY; 5.4 THE ITALIAN CASE STUDY; 5.5 CONCLUSION; ACKNOWLEDGMENT; REFERENCES 327 $aChapter 6 Securing Transportation Systems from Radiological Threats6.1 THE THREAT; 6.2 RADIATION SOURCES AND THEIR DETECTION; 6.3 RADIATION THREAT SCENARIOS; 6.4 POLICY AND INTELLIGENCE; 6.5 TECHNOLOGY AND ASSOCIATED CONOPS; 6.6 SUMMARY AND CONCLUSIONS; REFERENCES; Chapter 7 Protecting Transportation Infrastructure against Radiological Threat; 7.1 INTRODUCTION; 7.2 EXPERIMENTAL SETUP AND RESULTS; 7.3 DISCUSSION AND CONCLUSIONS; 7.4 SUMMARY; REFERENCES; Section II Security Consideration for Modes of Transportation; Chapter 8 Securing Public Transit Systems 327 $a8.1 INTRODUCTION: THE CHALLENGE OF TRANSIT SECURITY8.2 TYPOLOGY OF TRANSIT TERRORISM; 8.3 INCIDENCE OF TRANSIT TERRORISM; 8.4 SECURING TRANSIT FROM TERRORISM; 8.5 COMPATIBILITY OF ANTITERROR AND ANTICRIME STRATEGIES; 8.6 CONCLUSION; ACKNOWLEDGMENT; REFERENCES; Chapter 9 Railroad Infrastructure: Protecting an Increasingly Vulnerable Asset; 9.1 INTRODUCTION; 9.2 RAIL VULNERABILITIES AND THREATS; 9.3 SECURING RAIL OPERATIONS; 9.4 STEPS TO ENHANCE SECURITY; 9.5 CONCLUSIONS; REFERENCES; Chapter 10 Freight Railroad Security: A Case Study of Post-9/11 Effectiveness; 10.1 INTRODUCTION 327 $a10.2 RESEARCH METHOD 330 $a"This book focuses on how to protect our transportation systems including airports and airlines, water ports, highways, tunnels and bridges, rail and mass transit, and how to better plan evacuation when severe disasters occur. These infrastructures may face various threats, namely biological, chemical, nuclear (dirty bombs), cyber, and natural disaster. The book presents the "State of the Art" efforts to improve technological and managerial security measures against terrorism as well as during and after natural disasters"--Provided by publisher. 606 $aTransportation$xSecurity measures 606 $aTransportation$xSafety measures 606 $aTransportation$xEffect of terrorism on 606 $aTerrorism$xPrevention 606 $aFreight and freightage$xSecurity measures 615 0$aTransportation$xSecurity measures. 615 0$aTransportation$xSafety measures. 615 0$aTransportation$xEffect of terrorism on. 615 0$aTerrorism$xPrevention. 615 0$aFreight and freightage$xSecurity measures. 676 $a363.28/7 702 $aHakim$b Simon$f1944- 702 $aAlbert$b Gila$f1965- 702 $aShiftan$b Yoram 801 0$bMiAaPQ 801 1$bMiAaPQ 801 2$bMiAaPQ 906 $aBOOK 912 $a9910819386403321 996 $aSecuring transportation systems$94078339 997 $aUNINA 999 $aNOULI LEADER 05900oam 2200757I 450 001 9910968377503321 005 20190826145055.0 010 $a9789004287600 010 $a9004287604 024 7 $a10.1163/9789004287600 035 $a(CKB)3800000000007010 035 $a(EBL)1840878 035 $a(SSID)ssj0001414963 035 $a(PQKBManifestationID)11852207 035 $a(PQKBTitleCode)TC0001414963 035 $a(PQKBWorkID)11434091 035 $a(PQKB)10991555 035 $a(MiAaPQ)EBC1840878 035 $a(OCoLC)899241081$z(OCoLC)893455151$z(OCoLC)897019746 035 $a(nllekb)BRILL9789004287600 035 $a(Au-PeEL)EBL1840878 035 $a(CaPaEBR)ebr10984172 035 $a(CaONFJC)MIL662277 035 $a(OCoLC)895254810 035 $a(EXLCZ)993800000000007010 100 $a20150106d2015 uy 0 101 0 $aeng 135 $aurun####uuuua 181 $ctxt 182 $cc 183 $acr 200 14$aThe Recent and fossil meet Kempf Database Ostracoda $efestschrift Eugen Karl Kempf : proceedings of the 15th International German Ostracodologists' Meeting /$fby Finn Viehberg, Renate Matzke-Karasz, Lisa Park Boush and Alison Smith (editors) 205 $a1st ed. 210 1$aLeiden ;$aBoston :$cBrill. 210 4$dc2015. 215 $a1 online resource (261 p.) 225 1 $aCrustaceana monographs ;$v20 300 $aPages 1-251 also numbered 897-1147 (from Crustaceana 87). 300 $a"The 15th International German Ostracodologists' Meeting ... was held 11-14 October 2012 at the Institute of Geology and Mineralogy of the University of Cologne"--Page 4 of cover. 300 $a"Crustaceana monographs has been established ... to accommodate papers exceeding the page limit of the journal Crustaceana"--Page 4 of cover. 311 08$a9781322309958 311 08$a1322309957 311 08$a9789004287594 311 08$a9004287590 320 $aIncludes bibliographical references. 327 $tPreliminary Material -- $tFossil and Recent meet Kempf Database /$rFinn A. Viehberg , Renate Matzke-Karasz , Lisa Park Boush and Alison J. Smith -- $tEugen Karl Kempf, the man behind the Kempf Database Ostracoda /$rRenate Matzke-Karasz -- $tA review of the Entocytheridae (Ostracoda) of the world: updated bibliographic and species checklists and global georeferenced database, with insights into host specificity and latitudinal patterns of species richness /$rAlexandre Mestre , Juan S. Monrós and Francesc Mesquita-Joanes -- $tRedefinition of the genus Typhlocypris Vejdovskż, 1882 (Ostracoda, Candonidae) /$rTadeusz Namiotko , Dan L. Danielopol , Claude Meisch , Martin Gross and Nata?a Mori -- $tOn some Recent non-marine ostracods from northern China, with description of one new species /$rDayou Zhai and Wanhe Zhao -- $tBathyconchoecia liui n. sp., a new species of ostracod (Myodocopa, Halocyprididae) from the South China Sea /$rJian-Qiang Yin , Qing-Chao Chen and Kai-Zhi Li -- $tAdencythere kodalnamerensis, a new genus and a new species (Ostracoda) from Kod Al-Namer Beach, Aden City, Yemen /$rMunef Mohammed and Dietmar Keyser -- $tMorphotypes of Cytheridella ilosvayi (Ostracoda) detected by soft and hard part analyses /$rClaudia Wrozyna , Werner E. Piller and Martin Gross -- $tThe ostracod springtail ? camera recordings of a previously undescribed high-speed escape jump in the genus Tanycypris (Ostracoda, Cypridoidea) /$rRenate Matzke-Karasz , Christina Nagler and Simon Hofmann -- $tLife histories and distribution of ostracods with depth in western Lake Geneva (Petit-Lac), Switzerland: a reconnaissance study /$rLaurent Decrouy and Torsten W. Vennemann -- $tLiving Ostracoda (Crustacea) from the town moat of Bremen, Germany /$rBurkhard Scharf and Finn A. Viehberg -- $tNew methods for collecting Ostracoda (Crustacea) in stony sediments with methodological remarks on the separation of ostracods from sediment /$rBurkhard Scharf , Anja Adler and Finn A. Viehberg. 330 $aThe Festschrift Eugen Karl Kempf is a proceedings volume of the 15th International German Ostracodologists? Meeting which was held October 11th to 14th, 2012 by the Institute of Geology and Mineralogy of the University of Cologne. The selected contributions cover a broad range of biological and palaeontological topics that rely on sound taxonomy and serve as a tribute to the Kempf Database of Ostracoda including a biography on Eugen Karl Kempf. In detail, the scientific contributions are covering freshwater and marine genera/species and the parasitic family Entocytherids. Revisions of genera and descriptions of new species are one focus, but also new studies on biogeography, ecology and morphology add to the value of the proceeding. Contributors are: Anja Adler, Qing-Chao Chen, Dan L. Danielopol, Laurent Decrouy, Martin Gross, Simon Hofmann, Dietmar Keyser, Khai-Zhi Li, Renate Matzke-Karasz, Claude Meisch, Francesc Mesquita-Joanes, Alexandre Mestre, Munef Mohammed, Juan S. Monrós, Nata?a Mori, Christina Nagler, Tadeusz Namiotko, Werner E. Piller, Burkhard Scharf, Torsten W. Vennemann, Finn A. Viehberg, Claudia Wrozyna, Jian-Quian Yin, Dayou Zhai, Wanhe Zhao 410 0$aCrustaceana Monographs$v20. 606 $aOstracoda, Fossil$vCongresses 606 $aOstracoda$xDatabases$vCongresses 606 $aOstracoda$vCongresses 615 0$aOstracoda, Fossil 615 0$aOstracoda$xDatabases 615 0$aOstracoda 676 $a565.33 701 $aViehberg$b Finn$01585550 701 $aMatzke-Karasz$b Renate$01787607 701 $aBoush$b Lisa Park$01787608 701 $aSmith$b Alison$0243656 712 12$aInternational German Ostracodologists' Meeting 801 0$bNL-LeKB 801 1$bNL-LeKB 906 $aBOOK 912 $a9910968377503321 996 $aThe Recent and fossil meet Kempf Database Ostracoda$94321146 997 $aUNINA